[Rezension von: Frank Zöllner, Michelangelos Fresken in der Sixtinischen Kapelle]

Gespeichert in:
Bibliographische Detailangaben
Veröffentlicht in:Kunstform 4(2003), 4
VerfasserIn: Kiefer, Marcus (VerfasserIn)
Dokumenttyp: Online-Ressource Aufsatz
Sprache:German
Veröffentlicht: 2003
Schlagwörter:
Online Zugang:kostenfrei
Bibliogr. Hinweis:Enthalten in: Kunstform
Rezension von: Michelangelos Fresken in der Sixtinischen Kapelle
Verantwortlich:rezensiert von Marcus Kiefer
LEADER 01723caa a2200349 c 4500
001 1920427953
003 DE-627
005 20260419042322.0
007 cr uuu---uuuuu
008 250324s2003 xx |||||oo 00| ||ger c
035 |a (DE-627)1920427953 
035 |a (DE-599)KXP1920427953 
035 |a (OCoLC)1533758066 
040 |a DE-627  |b ger  |c DE-627  |e rda 
041 |a ger 
084 |a KUNST  |q DE-16  |2 fid 
100 1 |a Kiefer, Marcus  |d 1966-  |e VerfasserIn  |0 (DE-588)121089258  |0 (DE-627)705216845  |0 (DE-576)292532733  |4 aut 
245 1 0 |a [Rezension von: Frank Zöllner, Michelangelos Fresken in der Sixtinischen Kapelle]  |c rezensiert von Marcus Kiefer 
264 1 |c 2003 
300 |b Illustrationen 
336 |a Text  |b txt  |2 rdacontent 
337 |a Computermedien  |b c  |2 rdamedia 
338 |a Online-Ressource  |b cr  |2 rdacarrier 
655 7 |a Rezension  |0 (DE-588)4049712-4  |0 (DE-627)106186019  |0 (DE-576)209083166  |2 gnd-content 
773 0 8 |i Enthalten in  |t Kunstform  |d München : Ludwig-Maximilians-Universität München, Institut für Kunstgeschichte, 2000  |g 4(2003), 4  |h Online-Ressource  |w (DE-627)382929004  |w (DE-600)2140180-9  |w (DE-576)281244731  |x 1618-7199  |7 nnas 
773 1 8 |g volume:4  |g year:2003  |g number:4 
787 0 8 |i Rezension von  |t Michelangelos Fresken in der Sixtinischen Kapelle  |b 1. Aufl.  |d Freiburg im Breisgau : Rombach, 2002  |h 131 S.  |w (DE-627)334932270  |w (DE-576)09941208X  |z 379309281X 
856 4 0 |u https://www.arthistoricum.net/kunstform/rezension/ausgabe/2003/4/2692  |x Verlag  |z kostenfrei  |3 Volltext  |7 0 
951 |a AR 
994 |u https://www.arthistoricum.net/themen/rezensionen/kunstform/rezension/ausgabe/2003/4/2692 
991 |a Rezension (Monographie, Zeitschrift, Aufsatz) 
999 |a KXP-PPN1920427953  |e 4957274533